Le Train des Drapeaux - N°2 - Statistiques

Statistiques générales
  • Ce quiz a été pris 76 fois
  • Le résultat moyen est 8 sur 24
Statistiques - réponses
Instructions Pays % Correct
Inversez le bleu et le rouge Islande
98%
Changez le blanc et le rouge en jaune Suède
94%
Changez le bleu en blanc et le jaune en bleu Finlande
91%
Changez le blanc en rouge et le bleu en blanc Danemark
84%
Changez le blanc en rouge et ajoutez une étoile verte Maroc
69%
Changez le vert en jaune et remplissez l'étoile Vietnam
67%
Placez l'étoile en haut à gauche et ajoutez-en quatre autres Chine
66%
Supprimez ces quatre étoiles, placez l'étoile restante au centre et ajoutez une bande verte Burkina Faso
34%
Changez le jaune en blanc, retournez le drapeau et ajoutez une bande jaune Birmanie
20%
Retournez encore le drapeau et augmentez la hauteur de la bande jaune Colombie
17%
Supprimez l'étoile Lituanie
17%
Placez la bande rouge en haut Pays-Bas/Luxembourg
17%
Diminuez la hauteur de la bande jaune en changez-la en blanc Russie
17%
Retournez le drapeau et changez le vert en bleu Arménie
14%
Enlevez la bande bleue et rééquilibrez la hauteur des bandes restantes Autriche
14%
Copiez-collez le drapeau entier et placez-le au-dessus de lui-même en le retournant Costa Rica
14%
Inversez le bleu et le rouge Thaïlande
14%
Changez le rouge en bleu et ajoutez 5 étoiles Honduras
11%
Supprimez ces étoiles et changez la bande supérieure en vert Sierra Leone
9%
Changez le bleu en rouge et rajoutez un trapèze Koweït
6%
Ajoutez 3 bandes blanc-bleu-blanc en haut et en bas et déplacez le soleil en haut à gauche, inscrit dans un carré blanc Uruguay
6%
Supprimez la bande noire et ajoutez un soleil Argentine
5%
Changez le bleu en noir & le rouge et le vert en bleu Botswana
3%
Supprimez ce trapèze, retournez le drapeau et ajoutez une bande bleue Gambie
2%
Aucun quiz correspondant
Distribution des résultats
% des personnes avec chaque résultat
Percentile par nombre de réponses
Votre historique - résultats
Vous n’avez pas pris ce quiz